| 000 | 05947nam a22004337a 4500 | ||
|---|---|---|---|
| 010 | _aB-471458-476 | ||
| 020 |
_a9788190322188 _c250.00 |
||
| 035 | _aB-471458-476 | ||
| 037 | _aके.के. पब्लिकेशंस | ||
| 082 | _a004.03 | ||
| 100 |
_aमेहता,नीति _949904 |
||
| 245 |
_aइंटरनेट विज्ञान / _cनीति मेहता एवं कोमल भाटिया |
||
| 260 |
_aदिल्ली _bइण्डियन बुक इण्डस्ट्री _c2012 |
||
| 270 |
_a6610,बहादुर गढ़ रोड़ (IInd floor, सिटी टायर्स के ऊपर) _bदिल्ली _e110006 _k9868144874, 27476099 _mipdbooks@gm.com. |
||
| 300 |
_a160पृ _c22सेमी (सजिल्द) |
||
| 700 |
_aभाटिया,कोमल _940884 |
||
| 942 |
_2ddc _cHN _mमेहता _h004.03 |
||
| 999 |
_c62016 _d62016 |
||